Advanes in the theory of ironmaking and steelmaking : (Record no. 41879)
[ view plain ]
| 000 -LEADER | |
|---|---|
| fixed length control field | 00825nam a22002177a 4500 |
| 005 - DATE AND TIME OF LATEST TRANSACTION | |
| control field | 20100814123337.0 |
| 010 ## - LCCN (DPL NO) | |
| LC control number | ENG-100355 |
| 020 ## - INTERNATIONAL STANDARD BOOK NUMBER | |
| International Standard Book Number | 9788184245394 |
| Terms of availability | 250.00 |
| 035 ## - SYSTEM CONTROL NUMBER | |
| System control number | EN-83887 |
| 037 ## - SOURCE OF ACQUISITION | |
| Source of stock number/acquisition | DBAD/PUB |
| 082 ## - DEWEY DECIMAL CLASSIFICATION NUMBER | |
| Classification number | 669.1405 |
| 245 ## - TITLE STATEMENT | |
| Title | Advanes in the theory of ironmaking and steelmaking : |
| Remainder of title | ATIS 2009 / |
| Statement of responsibility, etc | edited by G. S. Gupta [and] M. R. Lollchund |
| 260 ## - PUBLICATION, DISTRIBUTION, ETC. (IMPRINT) | |
| Place of publication, distribution, etc | New Delhi |
| Name of publisher, distributor, etc | Allied Publishers |
| Date of publication, distribution, etc | 2009 |
| 270 ## - ADDRESS | |
| Address | 1/13-14 Asaf Ali Road |
| City | New Delhi |
| Postal code | 110002 |
| 300 ## - PHYSICAL DESCRIPTION | |
| Extent | xii, 508p. |
| Dimensions | 28cm (pbk) |
| 500 ## - GENERAL NOTE | |
| General note | Includes index |
| 700 ## - ADDED ENTRY--PERSONAL NAME | |
| Personal name | Gupta, G. S. |
| 9 (RLIN) | 13305 |
| 700 ## - ADDED ENTRY--PERSONAL NAME | |
| Personal name | Lollchund, M. R. |
| 9 (RLIN) | 13306 |
| 942 ## - ADDED ENTRY ELEMENTS (KOHA) | |
| Source of classification or shelving scheme | Dewey Decimal Classification |
| Item type | English Books |
| Classification part | 669.1405 |
| Call number suffix | ADV |
| Withdrawn status | Lost status | Not for loan | Collection code | Home library | Current library | Date acquired | Source of acquisition | Cost, normal purchase price | Full call number | Barcode | Copy number | Cost, replacement price | Koha item type |
|---|---|---|---|---|---|---|---|---|---|---|---|---|---|
| Not For Loan | Non-fiction | D.B.Act.Division | D.B.Act.Division | 14/08/2010 | DBAD/PUB | 250.00 | 669.1405 ADV | EN-83887 | 1 | 250.00 | English Books |
